| 000 | 00583nam a2200157Ia 4500 | ||
|---|---|---|---|
| 008 | 200226s9999 xx 000 0 und d | ||
| 020 | _a978-971-94195-6-3 | ||
| 100 | _aRoldan, Amelia S. | ||
| 245 |
_cAmelia S. Roldan, Benito T. Edica, Rolando M. Dela Cruz.-- _aFood service and bartending / |
||
| 250 | _aRevised Edition 2018 | ||
| 260 |
_aParaƱaque City : _bAims skils & systems upgrading services co. _c2018 |
||
| 300 |
_aii , 224 pages : _billustration ; _c25 cm. |
||
| 500 | _aincludes bibligraphical reference. | ||
| 650 | _aBartending. | ||
| 650 | _aFood service management. | ||
| 999 |
_c362983 _d362983 |
||